• 首页
  • 本馆介绍
  • 公告通知
  • 最新文献
  • 馆藏检索
  • 电子资源
  • 读者导购
  • 参考咨询
  • 我的图书馆
  • 登录
  • 详细信息显示
  • 放入我的书架
  • 预约/预借图书
  • 作者相关作品
  • 分类相关作品
  • 丛书相关作品
  • 出版社相关作品

书目信息

  • 表格格式
  • 工作单格式
  • 卡片格式
题名:
模拟相乘器及其应用
    
 
作者: 周子文 编
分册:  
出版信息: 北京   高等教育出版社  1983
页数: 126页
开本: 19cm
丛书名:
单 册:
中图分类: TN79 , TN431.1
科图分类:
主题词: 模拟电路--应用 , 数字电路 , 半导体集成电路
电子资源:
ISBN:
000 00722nam0 2200277 45
001 0183000668
005 20040519155357.2
010    @dCNY0.55
091    @a15010.0489
100    @a19950606d1983 em y0chiy0121 ea
101 0  @achi
102    @aCN@b110000
105    @ay z 000yy
106    @ar
200 10 @a模拟相乘器及其应用@Amo ni xiang cheng qi ji qi ying yong@f周子文编
210    @a北京@c高等教育出版社@d1983
215    @a126页@d19cm
606    @a模拟电路@x应用
606    @a数字电路
606 0  @a半导体集成电路
690    @aTN79@v3 
690    @aTN431.1
701  0 @a周子文@Azhou zi wen@4编
801  0 @aCN@b上海图书馆@c20040519
801  2 @aCN@bNLC@c20040519
905    @f1@b128676@dTN431.1@e38
    
    模拟相乘器及其应用/周子文编.-北京:高等教育出版社,1983
    126页;19cm
    
    
    ISBN :CNY0.55
    
●
相关链接 在E读中查询图书 在五车中查询图书 在当当中查询图书 在豆瓣中查询图书


正题名:模拟相乘器及其应用     索取号:TN431.1/38         预约/预借

序号 登录号 条形码 馆藏地/架位号 状态 备注
1 0128676   001353421   第三借阅区/ [索取号:TN431.1/38] 在馆    
2 0128677   001353387   第二样本阅览室/ [索取号:TN431.1/38] 在馆    
唐山师范学院图书馆 欢迎您!
大连网信软件有限公司© 版权所有